Paris : the musical kaleidoscope, 1870-1925 /

Bibliographic Details
Main Author: Brody, Elaine
Format: Book
Language:English
Published: New York : G. Braziller, 1987.
Subjects:

MARC

Tag First Indicator Second Indicator Subfields
LEADER 00000cam a2200000 a 4500
001 in00000007017
005 20151004080008.0
008 870311s1987 nyuacf b 00110 eng
010 |a  87006633  
020 |a 080761176X :  |c $22.50 
035 |a (OCoLC)15427484 
035 |9 AAA1480AM 
040 |a DLC  |c DLC  |d TXA  |d UtOrBLW 
043 |a e-fr--- 
049 |a TXAM  |c [A12613329] 
050 0 0 |a ML270.8.P2  |b B93 1987 
082 0 |a 780/.944/361  |2 19 
100 1 |a Brody, Elaine. 
245 1 0 |a Paris :  |b the musical kaleidoscope, 1870-1925 /  |c Elaine Brody. 
264 1 |a New York :  |b G. Braziller,  |c 1987. 
300 |a xvi, 359 pages, 30 unnumbered pages of plates :  |b illustrations, portraits ;  |c 24 cm. 
336 |a text  |b txt  |2 rdacontent 
337 |a unmediated  |b n  |2 rdamedia 
338 |a volume  |b nc  |2 rdacarrier 
504 |a Bibliography: pages 323-338. 
500 |a Includes index. 
650 0 |a Music  |z France  |z Paris  |y 19th century  |x History and criticism. 
650 0 |a Music  |z France  |z Paris  |y 20th century  |x History and criticism. 
651 0 |a Paris (France)  |x History. 
650 0 |a Art and music. 
650 0 |a Music and literature. 
999 |a MARS 
999 f f |s 9b0ff779-281a-3659-aa66-db527ca3fb23  |i a095f202-999f-3522-a8d9-35ce998fcfa7  |t 0 
952 f f |p ric  |a Texas A&M University  |b Rellis Campus  |c Joint Library Facility  |d Remote Storage  |t 0  |e ML270.8.P2 B93 1987  |h Library of Congress classification  |i unmediated -- volume  |m A14812613329 
998 f f |a ML270.8.P2 B93 1987  |t 0  |l Remote Storage